000 00297nam a2200121 i 4500
001 bg
245 0 _aIII Krajowa Konferencja. Teoria obwodów i układy elektroniczne.
260 _aStawiska,
_c1979.
040 _cBPK
041 _apol
942 _cKS
008 s pl f |000 0 pol
999 _c20686
_d20686
856 _uhttp://koha.tu.koszalin.pl/cgi-bin/koha/opac-detail.pl?biblionumber=20686
_yKatalog online BPK